Method play for all organs

Uloženo v:
Podrobná bibliografie
Hlavní autoři: Glover, David Carr (Autor), Clark, Mary Elizabeth (Autor)
Médium: Kniha
Jazyk:angličtina
Vydáno: Nueva York Belwin Mills 1970
Edice:Belwin Organ Library
Témata:
Tagy: Přidat tag
Žádné tagy, Buďte první, kdo vytvoří štítek k tomuto záznamu!

MARC

LEADER 00000nam a2200000 a 4500
001 UCN9303
003 CL-VaPUC
008 011130e19700000us |||||||||||||||||eng|d
082 0 4 |a 786.5193  |b GLO  |2 21 
100 |a Glover, David Carr  |e author  |9 465885 
700 0 |a Clark, Mary Elizabeth  |e author  |9 465884 
245 1 0 |a Method play for all organs 
300 |a v 
942 |c BK 
945 |d 20011130 00:00:00  |a lriquelm 
260 |a Nueva York  |b Belwin Mills  |c 1970 
650 0 |a Música para órgano  |9 458710 
650 0 |a Ejercicios y estudios  |9 323938 
650 0 |a Repertorio  |9 258863 
650 0 |a Técnicas de ejecución  |9 323937 
583 |a last modification  |c 20130724 02:52:19  |k Rodrigo Vera 
490 0 |a Belwin Organ Library 
999 |c 298790  |d 298788